00764 2200253 4500001002100000005001500021035002000036007000300056008004100059020002200100082001000122084001400132100002800146245010200174250001000276260004500286300003800331500004800369650002700417700002400444700002000468990001100488990001100499INLIS00000000000413320190926114509 a0010-0919000063ta190926 f 0 ind  a978-602-74124-7-7 a297.1 a297.1 ARR0 aAR-RAGHIB, Al-Ashfahani1 aKamus Al-Qur'an /cAr-Raghib Al-Ashfahani; penerjemah, Ahmad Zaini Dahlan; editor, Ruslan Nurhadi acet.I aDepok :bPustaka Khazanah Fawa'id,c2017 ajil.1, xxviii, 803 hlm. ;c25 cm. aJudul asli : Al-Mufradat fi Gharibil Qur'an 4aISLAM. KAMUS AL-QUR'AN0 aAHMAD, Zaini Dahlan0 aRUSLAN, Nurhadi a6899 a a6899 b